Serial bibliographies for medieval studies

Saved in:
Bibliographic Details
Main Authors: Rouse, Richard H. (Bearb.)
Claxton, Justin H. (Bearb.)
Metzger, M. D. (Bearb.)
Document Type: Book
Language:English
Published: Berkeley [u.a.] : Univ. of California Pr. , 1969
Series:Publications of the Center for Medieval and Renaissance Studies, UCLA 3
Subjects:
Related Items:Rezensiert in: [Rezension von: Richard H. Rouse, Serial bibliographies for medieval studies]
Rezension: [Rezension von: Rouse, Richard H., Serial bibliographies for medieval studies]
Author Notes:Richard H. Rouse. Assisted by J. H. Claxton and M. D. Metzger
LEADER 03719cam a2200721 c 4500
001 1072247763
003 DE-627
005 20260528140544.0
007 tu
008 850101s1969 xxu||||| br 00| ||eng c
035 |a (DE-627)1072247763 
035 |a (DE-603)03535996X 
035 |a (DE-576)002247763 
035 |a (DE-599)BSZ002247763 
035 |a (OCoLC)602379765 
035 |a (OCoLC)00002176 
035 |a (OCoLC)602379765 
035 |a (OCoLC)441016613 
035 |a (OCoLC)2176 
040 |a DE-627  |b ger  |c DE-627  |e rakwb 
041 |a eng 
044 |c XD-US 
082 0 |a 016.016914/03/1 
084 |a NC 4700  |2 rvk  |0 (DE-625)rvk/124601: 
084 |a EC 1000  |2 rvk  |0 (DE-625)rvk/20366: 
084 |a 01.18  |2 bkl 
245 0 0 |a Serial bibliographies for medieval studies  |c Richard H. Rouse. Assisted by J. H. Claxton and M. D. Metzger 
264 1 |a Berkeley [u.a.]  |b Univ. of California Pr.  |c 1969 
300 |a XIII, 150 S. 
336 |a Text  |b txt  |2 rdacontent 
337 |a ohne Hilfsmittel zu benutzen  |b n  |2 rdamedia 
338 |a Band  |b nc  |2 rdacarrier 
490 1 |a Publications of the Center for Medieval and Renaissance Studies, UCLA  |v 3 
650 0 7 |0 (DE-588)4038217-5  |0 (DE-627)104744952  |0 (DE-576)209029161  |a Mediävistik  |2 gnd 
650 0 7 |0 (DE-588)4636457-2  |0 (DE-627)329299549  |0 (DE-576)214512975  |a Periodische Bibliografie  |2 gnd 
655 7 |a Bibliografie  |0 (DE-588)4006432-3  |0 (DE-627)104814519  |0 (DE-576)208865578  |2 gnd-content 
655 7 |a Verzeichnis  |0 (DE-588)4188171-0  |0 (DE-627)105266639  |0 (DE-576)210051078  |2 gnd-content 
689 0 0 |d s  |0 (DE-588)4129108-6  |0 (DE-627)104535474  |0 (DE-576)209607793  |a Mittelalter  |2 gnd 
689 0 1 |d s  |0 (DE-588)4067488-5  |0 (DE-627)10454466X  |0 (DE-576)20917000X  |a Zeitschrift  |2 gnd 
689 0 |5 (DE-627) 
689 1 0 |d s  |0 (DE-588)4038217-5  |0 (DE-627)104744952  |0 (DE-576)209029161  |a Mediävistik  |2 gnd 
689 1 1 |d s  |0 (DE-588)4636457-2  |0 (DE-627)329299549  |0 (DE-576)214512975  |a Periodische Bibliografie  |2 gnd 
689 1 |5 (DE-627) 
700 1 |a Rouse, Richard H.  |d 1933-2022  |e Bearb.  |0 (DE-588)172338506  |0 (DE-627)704727129  |0 (DE-576)162801645  |4 adp 
700 1 |a Claxton, Justin H.  |e Bearb.  |4 adp 
700 1 |a Metzger, M. D.  |e Bearb.  |4 adp 
787 0 8 |i Rezensiert in  |a Voss, Jürgen, 1939 - 2025  |t [Rezension von: Richard H. Rouse, Serial bibliographies for medieval studies]  |d München : Wilhelm Fink Verlag, 1973  |w (DE-627)1577613864  |w (DE-576)507613864 
787 0 8 |i Rezension  |a Voss, Jürgen  |t [Rezension von: Rouse, Richard H., Serial bibliographies for medieval studies]  |d 1973  |w (DE-627)640810330 
810 2 |a University of California Los Angeles  |b Center for Medieval and Renaissance Studies  |t Publications of the Center for Medieval and Renaissance Studies  |v 3  |9 3  |w (DE-627)130069787  |w (DE-576)002911590  |w (DE-600)442613-7  |7 am 
889 |w (DE-627)021244448 
935 |i mdedup 
936 r v |a NC 4700  |b Mittelalter (einschl. Byzanz)  |k Geschichte  |k Historische Hilfsmittel  |k Bibliografien und Quellenkunden  |k Einzelne Zeitabschnitte  |k Mittelalter (einschl. Byzanz)  |0 (DE-627)1270878689  |0 (DE-625)rvk/124601:  |0 (DE-576)200878689 
936 r v |a EC 1000  |b Bibliografien  |k Allgemeine und vergleichende Sprach- und Literaturwissenschaft. Indogermanistik. Außereuropäische Sprachen und Literaturen  |k Allgemeine und vergleichende Literaturwissenschaft.  |k Allgemeines  |k Bibliografien  |0 (DE-627)1270728369  |0 (DE-625)rvk/20366:  |0 (DE-576)200728369 
936 b k |a 01.18  |j Spezialbibliographien  |0 (DE-627)106403338 
936 s n |a n100  |2 mzub 
936 s n |a e100  |2 mzub 
951 |a BO 
990 |a Mittelalter 
990 |a Zeitschrift 
990 |a Mediävistik 
990 |a Periodische Bibliografie 
991 |a Rezensiertes Werk 
999 |a KXP-PPN1072247763  |e 4655767251